000 00722cam a22002533a 4500
001 20707
003 PGUSA
005 20140828083436.0
008 070227s2007||||xxu|||||s|||||000 1 eng d
040 _aPGUSA
_beng
042 _adc
050 4 _aPS
100 1 _aCampbell, John Wood,
_d1910-1971
245 1 4 _aThe Black Star Passes
_h[electronic resource] /
_cJohn Wood Campbell
260 _bProject Gutenberg,
_c2007
506 _aPublic domain in the USA.
516 _aElectronic text
653 _aScience fiction
653 _aExtraterrestrial beings -- Fiction
700 1 _aPodwil, Jerome,
_d1938-
830 0 _aProject Gutenberg
_v20707
856 4 0 _uhttp://www.gutenberg.org/ebooks/20707
942 _cEB
999 _c249962
_d249962